India (Record no. 300247)

MARC details
000 -LEADER
fixed length control field 00378nam a2200145Ia 4500
008 - FIXED-LENGTH DATA ELEMENTS--GENERAL INFORMATION
fixed length control field 230718s9999 xx 000 0 und d
041 ## - LANGUAGE CODE
Language code of text/sound track or separate title eng
082 ## - DEWEY DECIMAL CLASSIFICATION NUMBER
Classification number 954.001
Item number LON
100 ## - MAIN ENTRY--PERSONAL NAME
Personal name Lonely Planet Pub
9 (RLIN) 146545
245 ## - TITLE STATEMENT
Title India
260 ## - PUBLICATION, DISTRIBUTION, ETC. (IMPRINT)
Date of publication, distribution, etc. 1999
Name of publisher, distributor, etc. Lonely Planet
365 ## - TRADE PRICE
Currency code Rs.
Price amount 795.00
700 ## - ADDED ENTRY--PERSONAL NAME
Personal name Lonely Planet Pub
9 (RLIN) 146545
906 ## - LOCAL DATA ELEMENT F, LDF (RLIN)
d B:3383103-Apr-2000
c CHEM
b 119.25
Holdings
Withdrawn status Lost status Damaged status Not for loan Home library Current library Date acquired Vendor Budget Code Cost, normal purchase price Bill number Full call number Barcode Date last seen Discount Cost, replacement price Bill Date Koha item type Original Barcode
Withdrawn       Cummins College of Engineering for Women Pune Cummins College of Engineering for Women Pune 08/04/2000 International Bok Traders CHEM 675.75 33831 954.001 CCEP-BK-11453 18/07/2023 119.25 795.00 03/04/2000 Books 011453